logo

Bir Sreshtho Munshi Abdur Rouf Library
Jhenaidah Cadet College

Intermediate algebra / (Record no. 5484)

MARC details
000 -LEADER
fixed length control field 00808pam a2200289 a 4500
001 - CONTROL NUMBER
JCCL Control Number 5484
003 - CONTROL NUMBER IDENTIFIER
JCCL marc code BD-JhCC
005 - DATE AND TIME OF LATEST TRANSACTION
control field 20221124134023.0
008 - FIXED-LENGTH DATA ELEMENTS--GENERAL INFORMATION
fixed length control field 870106s1987 cau 000 0 eng
020 ## - INTERNATIONAL STANDARD BOOK NUMBER
International Standard Book Number 0534078664
035 ## - SYSTEM CONTROL NUMBER
system control number (BD-JhCC)5484
040 ## - CATALOGING SOURCE
Original cataloging agency DLC
Transcribing agency DLC
Modifying agency DLC
041 ## - LANGUAGE CODE
Language code of Book eng
050 00 - LIBRARY OF CONGRESS CALL NUMBER
Classification number QA154.2
Item number .W55 1987
082 00 - DEWEY DECIMAL CLASSIFICATION NUMBER
Classification number 512.9
DDC Edition number 19
Author mark and Year INT 1981
100 1# - MAIN ENTRY--PERSONAL NAME
Personal name Willis, Alden T.
245 10 - TITLE STATEMENT
Title Intermediate algebra /
Statement of responsibility, etc Alden T. Willis, Carol L. Johnston.
250 ## - EDITION STATEMENT
Edition statement 2nd ed. /
260 ## - PUBLICATION, DISTRIBUTION, ETC. (IMPRINT)
Place of publication, distribution, etc Belmont, Calif. :
Name of publisher, distributor, etc Wadsworth,
Date of publication, distribution, etc c1987.
300 ## - PHYSICAL DESCRIPTION
Pagination xi, 418, 92 p. ;
Dimensions 25 cm.
490 1# - SERIES STATEMENT
Series statement The Johnston/Willis developmental mathematics series
650 #0 - SUBJECT ADDED ENTRY--TOPICAL TERM
Topical term or geographic name as entry element Algebra.
700 1# - ADDED ENTRY--PERSONAL NAME
Personal name Johnston, C. L.
Fuller form of name (Carol Lee),
Dates associated with a name 1911-
700 1# - ADDED ENTRY--PERSONAL NAME
Personal name Steig, Mary Jo.
942 ## - ADDED ENTRY ELEMENTS (KOHA)
Source of classification or shelving scheme Dewey Decimal Classification
Koha item type Books
Koha issues (borrowed), all copies 2
Holdings
Source of classification or shelving scheme Damaged status Not for loan Home library Current library Shelving location Date of accession Total Checkouts Full call number Barcode Date last seen Date checked out Copy number Koha item type
Dewey Decimal Classification     JCC Rouf Library JCC Rouf Library General Stacks 12/17/2017 3 512.9 INT 1981 7725 10/29/2025 10/08/2025 C - 1 Books

JCC Library | Contacts | JCC Home

Last Update on 23 September 2017
Copyright @ 2017-2020 JCC Rouf Library
Rouf Library, Jhenidah Cadet College (JCC), Bangladesh